Tablitsy dlia vychisleniia vlazhnosti pochvy.

Guardado en:
Autor Principal: Ovchinnikov, Mikhail Nikiforovich.
Otros Autores: Kuriashev, Gennadii Mikhailovich.
Formato: Libro
Publicado: 1958.
Materias:
Etiquetas: Agregar Etiqueta
Sin Etiquetas, Sea el primero en etiquetar este registro!
LEADER 00484nam a22001575a 4500
001 EEA.libagro001678
008 130809s1958####RU############000#0#####d
005 20211207105422.0
245 1 0 |a Tablitsy dlia vychisleniia vlazhnosti pochvy. 
260 |c 1958. 
300 |a 483 p. ;  |c 23 cm. 
100 1 |a Ovchinnikov, Mikhail Nikiforovich. 
700 1 |a Kuriashev, Gennadii Mikhailovich. 
082 0 4 |a 631.432 
650 7 |a Soil moisture  |v Tables 
859 |a AR-BbBCA  |b BIB. AGRONOMIA  |h 631.432  |i O96  |p 1966/0065